[Event "US Open-88"]
[Site "Portland"]
[Date "1987.08.07"]
[Round "6"]
[White "Glaser, Vern L"]
[Black "McManus, Andy"]
[Result "1/2-1/2"]
[WhiteElo "1870"]
[BlackElo "2104"]
[PlyCount "54"]
[EventDate "1987.08.02"]
[EventType "swiss"]
[EventRounds "12"]
[EventCountry "USA"]
[SourceTitle "EXT 1997"]
[Source "ChessBase"]
[SourceDate "1996.11.15"]
[SourceVersion "1"]
[SourceVersionDate "1996.11.15"]
[SourceQuality "1"]

1. c4 e6 2. Nc3 Nf6 3. d4 Bb4 4. e3 c5 5. Nge2 0-0 6. a3 Bxc3+ 7. Nxc3 cxd4 8. exd4 d5 9. Bg5 dxc4 10. Bxc4 Nbd7 11. 0-0 Qc7 12. Bb3 b6 13. Rc1 Ba6 14. Nb5 Qd8 15. a4 h6 16. Bh4 Bxb5 17. axb5 Rc8 18. Qf3 Qe7 19. d5 exd5 20. Bxd5 Qe5 21. Bc6 Qxb2 22. Qh3 Nc5 23. Rb1 Qd4 24. Rbd1 Qg4 25. Qxg4 Nxg4 26. Be7 a5 27. Bxf8 Rxf8 1/2-1/2